00875nam a2200181 a 450000100100000000500170001000800410002704000250006808200150009310000350010824500720014326000710021530000270028650501600031371000900047395201130056399900170067600004582420201002052450.0150518s1993 dr a 000 0 spa d aDO-SdBNPbspacBNPHU axxxxbxxxx1 aGonzález, Angel David97390010aIntroducción a la programación basic /cAngel David González. aSanto Domingo :bCentro de Capacitación en informática,c1993. a85 p. :bil. ;c28 cm.0 gCapítulo 1tDiagramas de flujo --gCapítulo 2tIntrodución a la programación a al lenguaje basic --gCapítulo 3tComandos y sentencias del basic.22aCentro de Capacitación en informática.bPsicología Industrial Dominicana973901 0010718PDaPDbPDcCTd2015-05-18iLF1l0oxxxx xxxxp45824-10r2020-06-25w2020-06-25yLFPDZNo se presta c45313d45313